Bible outlines: (Record no. 3779)

000 -LEADER
fixed length control field 00625nam a2200181 a 4500
001 - CONTROL NUMBER
control field :::00001514$&:&@@
003 - CONTROL NUMBER IDENTIFIER
control field OkBaRHE
005 - DATE AND TIME OF LATEST TRANSACTION
control field 20000607103244.0
008 - FIXED-LENGTH DATA ELEMENTS--GENERAL INFORMATION
fixed length control field j 000 0 eng u
040 ## - CATALOGING SOURCE
Transcribing agency
100 1# - MAIN ENTRY--PERSONAL NAME
Personal name Scott, Walter.
245 10 - TITLE STATEMENT
Title Bible outlines:
Remainder of title comprehensive epitomes of the leading features of the books of the Old and New Testaments.
260 ## - PUBLICATION, DISTRIBUTION, ETC. (IMPRINT)
Place of publication, distribution, etc London, UK:EN., :
Name of publisher, distributor, etc Pickering & Inglis
Date of publication, distribution, etc nd
300 ## - PHYSICAL DESCRIPTION
Extent 270 p. ;
Dimensions 18 cm.
650 ## - SUBJECT ADDED ENTRY--TOPICAL TERM
Topical term or geographic name as entry element Bible
General subdivision Outlines, Syllabi, etc.
942 ## - ADDED ENTRY ELEMENTS (KOHA)
Source of classification or shelving scheme
Koha item type Books
Copies
Shelving location Barcode Damaged status Withdrawn status Permanent Location Price effective from Full call number Not for loan Lost status Koha item type Date acquired Date last seen Copy number Source of classification or shelving scheme
General Stacks1514  RHEMA Bible Training College2010-04-14BS 591 .S382  Books2010-04-142018-03-121